000 00327nam a2200133Ia 4500
008 240624s9999 xx 000 0 und d
041 _aeng
082 _a658.575 ROS
100 _aROSENAU MILTON D
245 _aSUCCESSFUL PRODUCT DEVELOPMENT SPEEDING
260 _c1999
_aCanada
_bWiley
300 _a168 : p.
365 _c
_b28
999 _c27819
_d27819